Piłka Nożna dla Kolegi Ignacego - Statystyki

Ogólne statystyki
  • Ten quiz został rozwiązany 1 123 razy
  • Średni wynik to 10 z 19
Statystyki odpowiedzi
Pytanie Odpowiedź % Poprawnych
Gdzie odbędzie się Mundial w 2022 roku Katar
90%
Ilosc goli strzelonych przez Roberta Lewandowskiego na Mundialu 0
83%
Ile razy polskie kluby graly w Lidze Mistrzów UEFA 3
82%
Reprezentacja z która Polska odniosła najwyższe zwycięstwo (10:0) San Marino
82%
Najwiecej zwycięstw w Pucharze Polski Legia Warszawa
79%
Drużyna której Lewandowski strzelił 5 bramek w 9 minut VfL Wolfsburg
75%
Polski król strzelców Mundialu Grzegorz Lato
73%
Najwiecej tytułów Mistrza Polski Górnik Zabrze/Ruch Chorzów
68%
Pierwszy Mistrz Świata Urugwaj
63%
Rok w którym odbył się pierwszy mundial 1930
50%
Zwycięzca nagrody Golden Boy w 2005 roku Lionel Messi
48%
Jedyny bramkarz który wygrał Złotą Piłkę Lew Jaszyn
47%
Polski piłkarz który zginął w USA Kazimierz Deyna
41%
Pierwszy powojenny Mistrz Polski Polonia Warszawa
38%
W którym sezonie po raz ostatni został zorganizowany Puchar Ekstraklasy 2008/9
36%
Wiecznie młody polski talent Paweł Brożek
34%
Kibicem tej drużyny jest Andrzej Duda Cracovia
27%
Rywal Legii w IV rundzie eliminacji Ligi Mistrzów UEFA 2016/17 Dundalk FC
18%
Turniej o mistrzostwo Ameryki środkowej, północnej i Karaibow Golden Cup
4%
Nie znaleziono quizów pasujących do podanych kryteriów
Rozkład punktacji
Procent ludzi z każdym wynikiem
Percentyl według liczby udzielonych odpowiedzi
Twoja historia wyników
Nie rozwiązałeś tego quizu